Tisztelt olvasó!
Elmentve itt :
| Dokumentumtípus: | Cikk |
|---|---|
| Megjelent: |
1982
|
| Sorozat: | Gondolat-jel
|
| Online Access: | http://acta.bibl.u-szeged.hu/11215 |
| LEADER | 00469nab a2200157 i 4500 | ||
|---|---|---|---|
| 001 | acta11215 | ||
| 005 | 20210707134009.0 | ||
| 008 | 161015s1982 hu o 0|| hun d | ||
| 022 | |a 1216-8033 | ||
| 040 | |a SZTE Egyetemi Kiadványok Repozitórium |b hun | ||
| 041 | |a hun | ||
| 245 | 0 | 0 | |a Tisztelt olvasó! |h [elektronikus dokumentum] |
| 260 | |c 1982 | ||
| 300 | |a 20 | ||
| 490 | 0 | |a Gondolat-jel | |
| 856 | 4 | 0 | |u http://acta.bibl.u-szeged.hu/11215/1/gondolatjel_1982_1_020.pdf |z Dokumentum-elérés |